Để học tốt tiếng Anh 12
Sparad:
| Materialtyp: | Bok |
|---|---|
| Språk: | Undetermined |
| Publicerad: |
Đà Nẳng
Nhà xuất bản Đà Nẳng
2005
|
| Ämnen: | |
| Taggar: |
Lägg till en tagg
Inga taggar, Lägg till första taggen!
|
| Thư viện lưu trữ: | Trung tâm Học liệu Trường Đại học Cần Thơ |
|---|
| LEADER | 00564nam a2200193Ia 4500 | ||
|---|---|---|---|
| 001 | CTU_116270 | ||
| 008 | 210402s9999 xx 000 0 und d | ||
| 020 | |c 9000 | ||
| 082 | |a 428.0712 | ||
| 082 | |b Đ250/L12 | ||
| 245 | 0 | |a Để học tốt tiếng Anh 12 | |
| 245 | 0 | |c Nguyễn Văn Thành ... [et al.] | |
| 260 | |a Đà Nẳng | ||
| 260 | |b Nhà xuất bản Đà Nẳng | ||
| 260 | |c 2005 | ||
| 650 | |a english language | ||
| 650 | |x study and teaching | ||
| 904 | |i Tuyến | ||
| 980 | |a Trung tâm Học liệu Trường Đại học Cần Thơ | ||